000 01138nam a2200337 c 4500
001 192626
003 SpMaBN
005 20240528062745.0
008 230517s2022 sp a | |||| 000 p spa
017 _aGR 623-2022
_bOficina Depósito Legal Granada
020 _a9788412518153
040 _aSpMaBN
_bspa
_cSpMaBN
_erda
080 _a821.134.2-14"20"
100 1 _aOthman-Bentria Ramos, Farid,
_d1979-
_eaut
_9175800
245 1 0 _aRue des Scherezades /
_cFarid Othman-Bentria Ramos
250 _aPrimera edición, abril 2022
264 1 _aGranada :
_bEsdrújula,
_c2022
300 _a187 páginas :
_bilustraciones (blanco y negro) ;
_c22 cm
336 _aTexto
_2rdacontent
337 _asin mediación
_2rdamedia
338 _avolumen
_2rdacarrier
490 1 _aDiástole
500 _aÍndice
655 7 _aPoesías
_2tgfbne
_9176539
830 _9176402
_aDiástole
852 _aES-MaACL
_bR.153387
_9199920
_jN-8249
_cDEPOJ
_hDonación: Farid Othman-Bentria Ramos
903 _aOthman-Bentria Ramos, Farid,
_d1979-
_ednr
_9175800
942 _n0
_cMONOGRAFIA
999 _c192626
_d192626